Statistiques concernant Janvier - Un jour, un prénom, une personnalité

Cliquez ici pour prendre le quiz!

Statistiques générales

  • Ce quiz a été pris 162 fois
  • Le résultat moyen est 14 sur 31

Statistiques - réponses

JourSaint(e)IndiceInitialeNom% Correct
1MariePhysicienneCCurie
99%
28ThomasCosmonautePPesquet
84%
27AngélinaActriceJJolie
83%
2BasileFootballeurBBoli
80%
10GuillaumeActeurCCanet
80%
3GenevièveDame au chapeauFde Fontenay
79%
24FrançoisPrésidentHHollande
79%
20FabienFootballeurBBarthez
73%
5EdouardPremier MinistreBBalladur
68%
14NinoChanteurFFerrer
64%
6GaspardActeurUUlliel
61%
16MarcelEcrivainPPagnol
59%
7RaymondPremier MinistreBBarre
52%
23ElieHumoristeKKakou
52%
25PaulPeintreGGauguin
51%
18MargueriteEcrivainYYourcenar
49%
13YvetteAccordéonisteHHorner
39%
22VincentPrésidentAAuriol
38%
21AgnèsRéalisatriceVVarda
33%
31JeanEcrivainGGiono
26%
4AngèleChanteuseVLVan Laeken
26%
15AmauryNageurLLeveaux
24%
12TatianaTenniswomanGGolovin
23%
26PaulineChanteuseEEster
16%
8LucienAnimateurJJeunesse
15%
17AntoinePeintreWWatteau
14%
9AlixActricePPoisson
13%
30MartineActriceCCarol
9%
11HortenseReineBde Beauharnais
7%
29GildasActeurBBourdet
1%
19GemainSculpteurPPilon
1%

Distribution des résultats

Percentile par nombre de réponses

% des personnes avec chaque résultat

Votre développement - résultats

Vous n’avez pas pris ce quiz